000 00577nam a2200193Ia 4500
001 23440
003 GE_BSU
008 181216s||||||||xx |||||||||||||| ||und||
040 _cGE_BSU
245 _aАграрная наука №6. 2018
245 _bНаучно-теоретический и производственный журнал
245 _cред.Е.Н.Лябимова
260 _aмосква
260 _c2018г.
300 _a72с;30см;
653 _aАграрная наука №6. 2018
653 _aპერიოდიკა
942 _cCR
999 _c56327
_d56327